Environmental Economics: A Textbook / (Record no. 32231)

000 -LEADER
fixed length control field 00521 a2200193 4500
003 - CONTROL NUMBER IDENTIFIER
control field OSt
005 - DATE AND TIME OF LATEST TRANSACTION
control field 20260402151849.0
008 - FIXED-LENGTH DATA ELEMENTS--GENERAL INFORMATION
fixed length control field 260402b ||||| |||| 00| 0 eng d
020 ## - INTERNATIONAL STANDARD BOOK NUMBER
International Standard Book Number 9788120721463
040 ## - CATALOGING SOURCE
Transcribing agency .
082 ## - DEWEY DECIMAL CLASSIFICATION NUMBER
Classification number 333.7
Item number M1111
100 ## - MAIN ENTRY--PERSONAL NAME
9 (RLIN) 6730
Personal name M, Karpagam
245 ## - TITLE STATEMENT
Title Environmental Economics: A Textbook /
Statement of responsibility, etc. Karpagam M.
250 ## - EDITION STATEMENT
Edition statement 3rd rev ed.
260 ## - PUBLICATION, DISTRIBUTION, ETC.
Name of publisher, distributor, etc. Sterling Publishers Pvt Ltd.,
Place of publication, distribution, etc. New Delhi :
Date of publication, distribution, etc. 2019.
300 ## - PHYSICAL DESCRIPTION
Extent 477 p.
650 #0 - SUBJECT ADDED ENTRY--TOPICAL TERM
9 (RLIN) 1793
Topical term or geographic name entry element Environmental Economics
942 ## - ADDED ENTRY ELEMENTS (KOHA)
Source of classification or shelving scheme
Koha item type Books
Holdings
Withdrawn status Lost status Source of classification or shelving scheme Damaged status Not for loan Collection code Permanent Location Current Location Shelving location Date acquired Source of acquisition Cost, normal purchase price Full call number Barcode Date last seen Cost, replacement price Price effective from Koha item type
          Non-fiction IMU Kolkata IMU Kolkata Reference 2026-04-02 5 389.22 333.7 M1111 15172 2026-04-02 499.00 2026-04-02 Books
          Non-fiction IMU Kolkata IMU Kolkata   2026-04-02 5 389.22 333.7 M1111 15173 2026-04-02 499.00 2026-04-02 Books
          Non-fiction IMU Kolkata IMU Kolkata   2026-04-02 5 389.22 333.7 M1111 15174 2026-04-02 499.00 2026-04-02 Books
          Non-fiction IMU Kolkata IMU Kolkata   2026-04-02 5 389.22 333.7 M1111 15175 2026-04-02 499.00 2026-04-02 Books
Designed and Maintained by IMU-KC Library, Kolkata Campus © Copyright All Rights Reserved

webs counters

Powered by Koha